| 000 | 00446nam a2200169Ia 4500 | ||
|---|---|---|---|
| 003 | STCL | ||
| 008 | 181203s9999 xx 000 0 und d | ||
| 020 | _a9789352025732 | ||
| 040 |
_aSTCL _bEN _cSTCL |
||
| 082 | _222 | ||
| 100 | _aBadgujar, Vivek C. | ||
| 245 | 0 | _aChemical Sciences: CSIR-NET and GATE Topic wise Complete Solution | |
| 260 |
_bHomalaya Publishing House _aMumbai _c2015 |
||
| 300 | _a367 | ||
| 546 | _aEnglish | ||
| 942 |
_2ddc _cBK |
||
| 999 |
_c86759 _d86759 |
||